Представление документа в формате RUSMARC

ПолеНазваниеЗначение
  Тип записи i
  Библиографический уровень c
001 Контрольный номер cd57f93749844cc99c2f5956a04da966
005 Дата корректировки 20250703144421.6
010 Индекс ISBN __
a ISBN 978-5-9677-2896-9
b Уточнения в кор.
d Цена 276-90
100 Данные общей обработки __
a Данные общей обработки 20221025d2019 am y0rusy028902 ca
101 Язык документа 0_
a Язык текста rus
102 Страна публикации __
a Страна публикации RU
105 Кодированные данные (монография) __
a Кодированные данные (монография)
125 Кодированные данные звукозаписи и нотных изданий __
a Форма изложения нотного текста
b Определитель литературного текста с
126 Кодированные данные (звукозаписи-физические характеристики) __
a Кодированные данные звукозаписи (общие) agbаhхх cd
127 Кодированные данные (звукозаписи-физические характеристики) __
a Продолжительность проигрывания 1042##
135 Кодированные данные (электронные ресурсы) __
a Кодированные данные (электронные ресурсы) hongannnauuuu
139 Кодированные данные (электронные ресурсы) __
a Кодированные данные (электронные ресурсы) сaz
181 Поле кодированных данных: вид содержания _0
a Код вида содержания (ISBD) h
182 Поле кодированных данных: тип средства _0
a Код типа средства (ISBD) a
200 Заглавие и сведения об ответственности 1_
a Заглавие Далекий-далекий космос
e Сведения, относящиеся к заглавию сборник фантастических рассказов : финалисты литературного конкурса : [аудиокнига]
f Первые сведения об ответственности исполняют: Татьяна Манетина [и др.] ; генеральный продюсер Андрей Лобзов ; художественный руководитель Виктория Козельцева
203 Вид содержания и тип средства __
a Вид содержания Устная речь
c Тип средства аудио
210 Выходные данные 1_
a Место издания Москва
c Издательство 1С-Паблишинг
d Дата издания 2019
215 Физическое описание __
a Объем 1 электрон. опт. диск (CD-ROM) (10 ч 42 мин)
d Формат 12 см
c Иллюстрации/тип воспроизводства зв.
225 Серия 2_
a Серия 1С: Аудиокниги
300 Общие примечания __
a Общие примечания Заглавие с этикетки диска
300 Общие примечания __
a Общие примечания Данные в формате MP3
330 Аннотация __
a Аннотация Сборник составили произведения финалистов конкурса "Далекий-далекий космос", который был организован издательством "1С-Паблишинг" и проводился в 2018-2019 годах на портале Author.Today. Из 305 рассказов были отобраны лучшие. Именно эти работы и вошли в предлагаемый вам сборник. Тематика рассказов общая, но жанры и тональности самые разные. Тут и юмор, и боевая фантастика, и настоящая трагедия, и философская грусть, и традиционная НФ, и даже сатира. Космическая мозаика, собранная из лучших рассказов, прошедших горнило двухэтапного конкурса, засияла новыми красками в озвучке замечательных актеров. Богато и музыкальное сопровождение. Всех любителей хорошей фантастики приглашаем послушать наш сборник. Не пожалеете!
333 Примечание о целевом назначении __
a Примечание о целевом назначении 12+. Для детей старше 12 лет
337 Примечание о системных требованиях (электронные ресурсы) __
a Примечание о системных требованиях (электронные ресурсы) Системные требования : MS Windows 95/98/2000/XP/Vista/7/8/10 ; Pentium 100 ; ОЗУ 16 Мб ; монитор SVGA, 800x600 ; устройство чтения CD/DVD-ROM ; звуковая карта ; колонки или наушники ; мышь ; музыкальный центр ; CD/DVD-плеер, планшет, смартфон и прочие устройства
464 Аналитический уровень _0
1 2001
a 413 километров
1 700 1
a Лейпек
b Д.
g Дин
4 070
464 Аналитический уровень _0
1 2001
a Джеты Беллерофонта
1 700 1
a Богуцкий
b Д.
g Дмитрий
4 070
464 Аналитический уровень _0
1 2001
a Дары Эйтны
1 700 1
a Ветрова
b В.
g Василиса
4 070
464 Аналитический уровень _0
1 2001
a Поправка Лемана
1 700 1
a Тил
b Э.
g Эдуард
4 070
464 Аналитический уровень _0
1 2001
a Человеческий фактор
1 700 1
a Судельницкая
b Н.
g Наталья
4 070
464 Аналитический уровень _0
1 2001
a Заповедник
1 700 1
a Калинин
b Н.
g Никита
4 070
464 Аналитический уровень _0
1 2001
a Компаньон
1 700 1
a Скумбриев
b В.
g Вадим
4 070
464 Аналитический уровень _0
1 2001
a Когда вызреет вербь
1 700 0
a Берендей
4 070
464 Аналитический уровень _0
1 2001
a Новые полезные ископаемые
1 700 1
a Шабалдин
b К.
g Константин
4 070
464 Аналитический уровень _0
1 2001
a Одиночка
1 700 1
a Росомахина
b Т.
g Татьяна
4 070
464 Аналитический уровень _0
1 2001
a Идеальный хищник
1 700 1
a Кельт
g Владимир
4 070
517 Другие варианты заглавия 1_
a Другие варианты заглавия Далекий далекий космос
606 Тематические рубрики __
a Основная рубрика Художественная литература
2 Код системы nlr_sh
606 Тематические рубрики __
a Основная рубрика Современная русская литература (произведения)
2 Код системы nlr_sh
610 Ключевые слова 0_
a Ключевые слова рассказы
a Ключевые слова аудиокниги
610 Ключевые слова 0_
a Ключевые слова фантастические рассказы
610 Ключевые слова 0_
a Ключевые слова фантастика
610 Ключевые слова 0_
a Ключевые слова фантастическая литература
610 Ключевые слова 0_
a Ключевые слова приключения
610 Ключевые слова 0_
a Ключевые слова современная проза
610 Ключевые слова 0_
a Ключевые слова тема будущего
610 Ключевые слова 0_
a Ключевые слова будущее
610 Ключевые слова 0_
a Ключевые слова боевая фантастика
610 Ключевые слова 0_
a Ключевые слова космос
610 Ключевые слова 0_
a Ключевые слова тема внеземных цивилизаций
610 Ключевые слова 0_
a Ключевые слова тема инопланетян
610 Ключевые слова 0_
a Ключевые слова тема космоса
610 Ключевые слова 0_
a Ключевые слова инопланетяне
610 Ключевые слова 0_
a Ключевые слова внеземные цивилизации
610 Ключевые слова 0_
a Ключевые слова роботы
610 Ключевые слова 0_
a Ключевые слова тема фантастики
686 Индексы других классификаций __
2 Код системы rubbks
a Классификационный индекс 84(2=411.2)6-445я04; ст84(2=411.2)6-445я0
702 Вторичная интеллектуальная ответственность _1
a Фамилия Лобзов
b Имя А.
g Полное личное имя Андрей
4 Код отношения 665
702 Вторичная интеллектуальная ответственность _1
a Фамилия Козельцева
b Имя В.
g Полное личное имя Виктория
4 Код отношения 570
702 Вторичная интеллектуальная ответственность _1
a Фамилия Манетина
b Имя Т.
g Полное личное имя Татьяна
4 Код отношения 590
702 Вторичная интеллектуальная ответственность _1
a Фамилия Рыбин
b Имя Д.
g Полное личное имя Дмитрий
4 Код отношения 590
702 Вторичная интеллектуальная ответственность _1
a Фамилия Конева
b Имя Л.
g Полное личное имя Любовь
4 Код отношения 590
702 Вторичная интеллектуальная ответственность _1
a Фамилия Литвинов
b Имя И.
g Полное личное имя Иван
4 Код отношения 590
702 Вторичная интеллектуальная ответственность _1
a Фамилия Волков
b Имя П.
g Полное личное имя Петр
4 Код отношения 590
801 Источник записи _0
b Организация Муниципальное бюджетное учреждение культуры "Централизованная библиотечная система" г. Сургут (Центральная городская библиотека им. А. С. Пушкина)
a Страна RU
c Дата составления 20221025
g Правила каталогизации PSBO
801 Источник записи _1
b Организация Муниципальное бюджетное учреждение культуры "Централизованная библиотечная система" г. Сургут (Центральная городская библиотека им. А. С. Пушкина)
a Страна RU
c Дата составления 20221025
g Правила каталогизации PSBO
852 Данные о местонахождении 5_
j Шифр хранения 84(2=411.2)6-445я04
i Авторский знак Д 15
900 Макрообъекты __
a Макрообъекты Далекий-далекий космос,02019
901 Тип документа __
a Ответственный КиК/Котельникова
t Тип документа 0
903 Характеристики (МАРС) __
a Дата передачи 20221025
c Наименование библиотеки (МАРС) Муниципальное бюджетное учреждение культуры "Централизованная библиотечная система" г. Сургут (Центральная городская библиотека им. А. С. Пушкина)
969 Тип издания __
a Тип издания аудиокнига
a Тип издания издание для слепых
990 Данные о заказе (DOS) __
j Количество экземпляров (DOS) 1
t N записи в КСУ для И/У (DOS) 202211